Merardo Germán : (Registro nro. 13787)

Detalles MARC
000 -LEADER
fixed length control field 00981nam a2200289 a 4500
001 - CONTROL NUMBER
control field
003 - CONTROL NUMBER IDENTIFIER
control field DO-SdBNP
005 - DATE AND TIME OF LATEST TRANSACTION
control field 20211012134956.0
008 - FIXED-LENGTH DATA ELEMENTS--GENERAL INFORMATION
fixed length control field 100819s2001 dr ac 001 0bspa d
020 ## - INTERNATIONAL STANDARD BOOK NUMBER
International Standard Book Number 9993420166
040 ## - CATALOGING SOURCE
Original cataloging agency DO-SdBNP
Language of cataloging spa
Transcribing agency BPMSU
082 ## - DEWEY DECIMAL CLASSIFICATION NUMBER
Classification number 972.93053
Item number C436m 2001
Edition number 22
100 1# - MAIN ENTRY--PERSONAL NAME
Personal name Chaljub Mejía, Rafael
100 z# - MAIN ENTRY--PERSONAL NAME
Personal name Mejía, Rafael Chaljub
245 10 - TITLE STATEMENT
Title Merardo Germán :
Remainder of title un guerrillero de Constanza, relato /
Statement of responsibility, etc. Rafael Chaljub Mejía.
260 ## - PUBLICATION, DISTRIBUTION, ETC. (IMPRINT)
Place of publication, distribution, etc. Santo Domingo :
Name of publisher, distributor, etc. Manatí,
Date of publication, distribution, etc. 2001.
300 ## - PHYSICAL DESCRIPTION
Extent 118 p. :
Other physical details il., retrs. ;
Dimensions 21 cm.
500 ## - GENERAL NOTE
General note Incluye índice onomástico.
590 ## - LOCAL NOTE (RLIN)
Local note Inventariado, 2021/VM
600 14 - SUBJECT ADDED ENTRY--PERSONAL NAME
Personal name Germán, Mercado
Dates associated with a name 1910-
650 #4 - SUBJECT ADDED ENTRY--TOPICAL TERM
Topical term or geographic name as entry element Persecusiones políticas
650 #4 - SUBJECT ADDED ENTRY--TOPICAL TERM
Topical term or geographic name as entry element Guerrillas
Geographic subdivision República Dominicana
General subdivision Historia
651 #4 - SUBJECT ADDED ENTRY--GEOGRAPHIC NAME
Geographic name República Dominicana
General subdivision Historia
Chronological subdivision Invasión, 1959
General subdivision Relatos personales
651 #4 - SUBJECT ADDED ENTRY--GEOGRAPHIC NAME
Geographic name República Dominicana
General subdivision Historia
Chronological subdivision Eera de Trujillo, 1930-1961
910 ## - USER-OPTION DATA (OCLC)
User-option data VMateo V.
942 ## - ADDED ENTRY ELEMENTS (KOHA)
Source of classification or shelving scheme Dewey Decimal Classification
Koha item type Libros
Existencias
Withdrawn status Lost status Source of classification or shelving scheme Damaged status Not for loan Collection code Home library Current library Date acquired Source of acquisition Total Checkouts Full call number Barcode Date last seen Price effective from Koha item type
    Dewey Decimal Classification     Colección Dominicana Biblioteca Pública Metropolitana Salomé Ureña Biblioteca Pública Metropolitana Salomé Ureña 10/12/2021 Compra   BPMSU CD 972.93053 C436m 2001 BPMSU21100083 10/12/2021 10/12/2021 Libros